Vývoj ekonomického myšlení

Gespeichert in:
Bibliographische Detailangaben
1. Verfasser: Holman, Robert
Format: Buch
Sprache:Tschechisch
Veröffentlicht: Praha Liberální institut 1994
Ausgabe:1. vyd.
Schlagworte:
Tags: Tag hinzufügen
Keine Tags, Fügen Sie das erste Tag hinzu!

MARC

LEADER 00000nam a2200000 4500
001 c010921
005 20221214075529.4
020 |a 80-85787-55-5 
041 0 |a cze 
044 |a CZ 
245 1 0 |a Vývoj ekonomického myšlení  |c Robert Holman 
250 |a 1. vyd. 
264 1 |a Praha  |b Liberální institut  |c 1994 
300 |a 56 s. 
610 2 0 |a myslenie ekonomické 
610 2 0 |a teórie ekonomické 
610 2 0 |a dejiny myslenia ekonomického 
100 1 |a Holman, Robert